Lecciones de derecho eclesiástico del estado
Furkejuvvon:
| Váldodahkki: | |
|---|---|
| Materiálatiipa: | Girji |
| Giella: | espánnjágiella |
| Almmustuhtton: |
Barcelona
Bosch
2000
|
| Fáttát: | |
| Fáddágilkorat: |
Lasit fáddágilkoriid
Eai fáddágilkorat, Lasit vuosttaš fáddágilkora!
|
MARC
| LEADER | 00000nam a2200000 a 4500 | ||
|---|---|---|---|
| 001 | UCL3135 | ||
| 003 | CL-VaPUC | ||
| 008 | 031114e20000000SP |||||||||||||||||spa|d | ||
| 020 | |a 8476985894 | ||
| 082 | 0 | 4 | |a 262.9 |b SAT |2 21 |
| 100 | 0 | |a Satorras Fioretti, Rosa María |e author |9 480367 | |
| 245 | 1 | 0 | |a Lecciones de derecho eclesiástico del estado |
| 300 | |a 254 p | ||
| 942 | |c BK | ||
| 945 | |d 20031114 00:00:00 |a cmena | ||
| 260 | |a Barcelona |b Bosch |c 2000 | ||
| 650 | 0 | |a Derecho eclesiástico |9 255055 | |
| 650 | 0 | |a Estado y derecho |9 255403 | |
| 650 | 7 | |a LIBERTAD RELIGIOSA |2 CL-VaPUC |9 480368 | |
| 583 | |a last modification |c 20031114 00:00:00 |k Rodrigo Vera | ||
| 999 | |c 306262 |d 306260 | ||
| 952 | |0 0 |1 0 |4 0 |6 262_900000000000000_SAT_2000 |7 0 |8 A |9 371151 |a BIBDER |b BIBDER |d 2019-11-21 |i 3929116 |o 262.9 SAT 2000 |p 3929116 |r 2023-01-25 |w 2019-11-21 |y BK |k DER | ||